IFM Opac

A DECADE OF PLANNING IN INDIA (Record no. 13861)

MARC details
000 -LEADER
fixed length control field 00291nam a2200121 4500
082 ## - DEWEY DECIMAL CLASSIFICATION NUMBER
Classification number 338.954PAI
100 ## - MAIN ENTRY--PERSONAL NAME
Personal name PAI R.M.
245 ## - TITLE STATEMENT
Title A DECADE OF PLANNING IN INDIA
260 ## - PUBLICATION, DISTRIBUTION, ETC.
Place of publication, distribution, etc. BOMBAY POPULAR PRAKASHAN
Name of publisher, distributor, etc. RAO NARAYAN
Date of publication, distribution, etc. 1969
300 ## - PHYSICAL DESCRIPTION
Extent V,244P
Other physical details ILL,;25CM
500 ## - GENERAL NOTE
General note Ideology
942 ## - ADDED ENTRY ELEMENTS (KOHA)
Koha item type Books
Holdings
Withdrawn status Lost status Source of classification or shelving scheme Damaged status Not for loan Home library Current library Shelving location Date acquired Full call number Barcode Date last seen Price effective from Koha item type
    Dewey Decimal Classification     IFM Main Campus Library IFM Main Campus Library   11/11/2015 338.954PAI 0000010105 11/11/2015 11/11/2015 Books